Undying Flame (Record no. 225077)

MARC details
000 -LEADER
fixed length control field 00484nam a22001817a 4500
005 - DATE AND TIME OF LATEST TRANSACTION
control field 20221108163651.0
008 - FIXED-LENGTH DATA ELEMENTS--GENERAL INFORMATION
fixed length control field 221108b ||||| |||| 00| 0 eng d
040 ## - CATALOGING SOURCE
Transcribing agency AL
041 ## - LANGUAGE CODE
Language code of text/sound track or separate title English
082 ## - DEWEY DECIMAL CLASSIFICATION NUMBER
Edition number 23
Classification number 347.014092
Item number SINU
100 ## - MAIN ENTRY--PERSONAL NAME
Personal name C S P SINGH
100 ## - MAIN ENTRY--PERSONAL NAME
9 (RLIN) 61427
245 ## - TITLE STATEMENT
Title Undying Flame
260 ## - PUBLICATION, DISTRIBUTION, ETC.
Place of publication, distribution, etc. Allahabad
Name of publisher, distributor, etc. Shri Nageshwar Prasad Pandey
Date of publication, distribution, etc. 1982
300 ## - PHYSICAL DESCRIPTION
Extent 152 p.
Other physical details HB
Dimensions 24.5x18 cm.
650 ## - SUBJECT ADDED ENTRY--TOPICAL TERM
Topical term or geographic name entry element Undying Flame
9 (RLIN) 61428
700 ## - ADDED ENTRY--PERSONAL NAME
Personal name SINGH (C S P)
9 (RLIN) 61429
942 ## - ADDED ENTRY ELEMENTS (KOHA)
Source of classification or shelving scheme Dewey Decimal Classification
Koha item type George Fernandes Collections
Holdings
Withdrawn status Lost status Source of classification or shelving scheme Damaged status Not for loan Collection code Home library Current library Date acquired Total Checkouts Full call number Barcode Date last seen Price effective from Koha item type
    Dewey Decimal Classification     Others St Aloysius Library St Aloysius Library 03/23/2013   347.014092 SINU GF02567 11/08/2022 11/08/2022 George Fernandes Collections